000 00186 a2200097 4500
001 20680
100 _aG S I
245 _aPopular science
260 _a
_bOGSI
_c
090 _c14978
_d14978
942 _aNUST-CAE
_cM
_c5533
999 _c255753
_d255753